Zariadenie na valcovanie oceľových tyčí. B 21B 1/18

Bibliographic Details
Main Author: Flemming, Folker (Author)
Format: Book
Language:Undetermined
PhysicalDescription:7 s.
Published: Bratislava Úrad priemyselného vlastníctva SR 1999

MARC

LEADER 00000nam a2200000 a 4500
001 vtls001357398
003 SK-MaSNL
005 20260302000227.0
008 240314sm y0 xo 0 und
035 |a SNK000310891 
040 |a SNK  |b slo  |c SNK  |e AACR2 
044 |a xo  |c SK 
100 1 |a Flemming, Folker  |4 aut  |9 634513 
245 1 0 |a Zariadenie na valcovanie oceľových tyčí. B 21B 1/18 
260 |a Bratislava  |b Úrad priemyselného vlastníctva SR  |c 1999 
300 |a 7 s. 
999 |c 978643  |d 980573 
952 |t P60, <04>, [BOOK], {604}  |a SNK  |b SNK  |y VYP  |7 0  |p 17A0183312  |o snkSK 279259  |i snkPS 109/99  |0 0  |1 0  |4 0  |d 1999-03-10  |l 0  |r 2005-01-02 00:00:00  |w 2026-02-24